Welcome to WEB OPAC of MRSPTU Central Library

Digital systems : principles and applications (Record no. 1756)

MARC details
000 -LEADER
fixed length control field 00404nam a2200157Ia 4500
008 - FIXED-LENGTH DATA ELEMENTS--GENERAL INFORMATION
fixed length control field 230711s9999||||xx |||||||||||||| ||und||
041 ## - LANGUAGE CODE
Language code of text/sound track or separate title ENG
082 ## - DEWEY DECIMAL CLASSIFICATION NUMBER
Classification number 621
Item number TO-D
100 ## - MAIN ENTRY--PERSONAL NAME
Personal name Tocci,Widmer
245 #0 - TITLE STATEMENT
Title Digital systems : principles and applications
250 ## - EDITION STATEMENT
Edition statement 6th
260 ## - PUBLICATION, DISTRIBUTION, ETC.
Date of publication, distribution, etc. 1999
Place of publication, distribution, etc. New Delhi
Name of publisher, distributor, etc. PHI Learning Private Limited
300 ## - PHYSICAL DESCRIPTION
Extent 765
650 ## - SUBJECT ADDED ENTRY--TOPICAL TERM
Topical term or geographic name entry element Electronics Engineering
942 ## - ADDED ENTRY ELEMENTS (KOHA)
Koha item type Book
Holdings
Withdrawn status Lost status Damaged status Not for loan Collection Home library Current library Date acquired Total checkouts Full call number Barcode Date last seen Price effective from Koha item type
          MRSPTU Central Library MRSPTU Central Library     621 TO-D 8194 08/17/2023 08/17/2023 Book
          MRSPTU Central Library MRSPTU Central Library     621 TO-D 12656 08/17/2023 08/17/2023 Book
          MRSPTU Central Library MRSPTU Central Library     621 TO-D 12657 08/17/2023 08/17/2023 Book
          MRSPTU Central Library MRSPTU Central Library     621 TO-D 12658 08/17/2023 08/17/2023 Book

Website Designed and Developed by MRSPTU Central Library Team

E-mail Id: librarian@mrsptu.ac.in